Український етноґрафічний збірник, видає українське наукове товариство в Київі (Запись № 7470096)
[ простой вид ]
| 000 -МАРКЕР | |
|---|---|
| контрольное поле | 01625nam1a2200325 i 4500 |
| 001 - ИДЕНТИФИКАТОР ЗАПИСИ | |
| контрольное поле | v19\rc\2028568 |
| 005 - ИДЕНТИФИКАТОР ВЕРСИИ | |
| контрольное поле | 20240921125546.0 |
| 035 ## - ДРУГИЕ СИСТЕМНЫЕ НОМЕРА | |
| Идентификатор записи | (NLR Aleph) 005108728 |
| 100 ## - ДАННЫЕ ОБЩЕЙ ОБРАБОТКИ | |
| Данные общей обработки | 20080925g19149999km y0rusy50 ca |
| 101 0# - ЯЗЫК РЕСУРСА | |
| Язык текста, звукозаписи и т.д. | украинский |
| 102 ## - СТРАНА ПУБЛИКАЦИИ ИЛИ ПРОИЗВОДСТВА | |
| Страна публикации | Российская Федерация |
| 105 ## - ПОЛЕ КОДИРОВАННЫХ ДАННЫХ: ТЕКСТОВЫЕ МАТЕРИАЛЫ, МОНОГРАФИЧЕСКИЕ | |
| Кодированные данные о монографическом текстовом документе | ||||z|||||||| |
| 181 #0 - ПОЛЕ КОДИРОВАННЫХ ДАННЫХ: ВИД СОДЕРЖАНИЯ | |
| Код вида содержания (ISBD) | i |
| Код характеристики содержания (ISBD) | axxe |
| 182 #0 - ПОЛЕ КОДИРОВАННЫХ ДАННЫХ: ТИП СРЕДСТВА | |
| Код типа средства (ISBD) | n - непосредственное |
| 200 1# - ЗАГЛАВИЕ И СВЕДЕНИЯ ОБ ОТВЕТСТВЕННОСТИ | |
| Основное заглавие | Український етноґрафічний збірник, видає українське наукове товариство в Київі |
| Параллельное заглавие | Ukrainische Gesellschaft der Wissenschaften in Kiew, Ethnographische Sammlung |
| Первые сведения об ответственности | під редакцією Ол. Шрамченка, виданий з грошей записаних Товариству пок. Володимиром Лозиньский |
| Язык параллельного заглавия | немецкий |
| 203 ## - ВИД СОДЕРЖАНИЯ И ТИП СРЕДСТВА | |
| Вид содержания | Текст |
| Дополнительные сведения об издании | визуальный |
| Тип средства | непосредственный |
| 210 ## - ПУБЛИКАЦИЯ, РАСПРОСТРАНЕНИЕ И ДР. | |
| Место издания, распространения и т.д. | Київ |
| Имя издателя, распространителя и т. д. | Друкарня другої друкарської спілки |
| Дата издания, распространения и т.д. | 1914- |
| 215 ## - ФИЗИЧЕСКАЯ ХАРАКТЕРИСТИКА | |
| Размеры | 24 |
| 510 1# - ПАРАЛЛЕЛЬНОЕ ЗАГЛАВИЕ | |
| Параллельное заглавие | Ukrainische Gesellschaft der Wissenschaften in Kiew, Ethnographische Sammlung |
| Язык заглавия | немецкий |
| 606 1# - НАИМЕНОВАНИЕ ТЕМЫ КАК ПРЕДМЕТ | |
| Наименование темы | Украинцы |
| Формальный подзаголовок | Сборники |
| Тематический подзаголовок | Этнографические исследования |
| Системный номер авторитетной/нормативной записи | 2204188 |
| Идентификатор авторитетной/нормативной записи | RU\NLR\AUTH\661324372 |
| 686 3# - ИНДЕКСЫ ДРУГИХ КЛАССИФИКАЦИЙ | |
| Индекс | Т52(23=Ук)я43 |
| 702 #1 - ИМЯ ЛИЦА - ВТОРИЧНАЯ ОТВЕТСТВЕННОСТЬ | |
| Начальный элемент ввода | Шрамченко |
| Часть имени, кроме начального элемента ввода | О. |
| Расширение инициалов личного имени | Ол. |
| Код отношения | Редактор |
| 702 #1 - ИМЯ ЛИЦА - ВТОРИЧНАЯ ОТВЕТСТВЕННОСТЬ | |
| Начальный элемент ввода | Лозинський |
| Часть имени, кроме начального элемента ввода | В. Ю. |
| Расширение инициалов личного имени | Володимир Юстинович |
| Код отношения | Объект посвящения |
| 711 02 - НАИМЕНОВАНИЕ ОРГАНИЗАЦИИ - АЛЬТЕРНАТИВНАЯ ОТВЕТСТВЕННОСТЬ | |
| Графика поля | Кириллица |
| Материалы, к которым относится поле | ukr |
| Начальный элемент ввода | Українське наукове товариство |
| Идентифицирующий признак | Київ |
| Системный номер авторитетной/нормативной записи | 884130 |
| Идентификатор авторитетной/нормативной записи | RU\NLR\AUTH\880612279 |
| 852 ## - МЕСТОНАХОЖДЕНИЕ И ШИФР ХРАНЕНИЯ | |
| Идентификатор организации | NLR |
| Шифр хранения (Call Number) | 64-7/2235 |
| 942 ## - ДОПОЛНИТЕЛЬНЫЕ ЭЛЕМЕНТЫ ЗАПИСИ (АБИС) | |
| Тип экземпляра АБИС | Книга |
Нет доступных экземпляров.